Normal view
MARC view
- Introduction to theort of ordinary diffrential equations
Entry Topical Term
001 - CONTROL NUMBER
- control field: 3772
003 - CONTROL NUMBER IDENTIFIER
- control field: JO-AjAnu
005 - DATE AND TIME OF LATEST TRANSACTION
- control field: 20230606070924.0
008 - FIXED-LENGTH DATA ELEMENTS
- fixed length control field: 230606|| aca||aabn | a|a d
040 ## - CATALOGING SOURCE
- Original cataloging agency: JO-AjAnu
- Transcribing agency: JO-AjAnu
150 ## - HEADING--TOPICAL TERM
- Topical term or geographic name entry element: Introduction to theort of ordinary diffrential equations
670 ## - SOURCE DATA FOUND
- Source citation: Work cat.: (JO-AjAnu)1968: Dharmaiah.v, author 3771, Introduction to theort of ordinary diffrential equations